000 00863nam0a22002411 4500
001 rc\4540613
005 20260407143800.0
021 _aRU
_bРг3103-65
035 _a(NLR Aleph) 008360304
090 _a8994045
_c8994045
100 _a20130416d1965 |||y0rusy50 ca
101 0 _arus
102 _aRU
105 _aa z |||||
200 1 _aКлапан регулирующий с пневмоприводом
_eПаспорт и инструкция по монтажу и эксплуатации
_fВ/О "Техноэкспорт"
210 _a[Москва]
_cВнешторгиздат
_d[1965]
215 _a12 с.
_cчерт.
_d21
712 0 2 _a"Техноэкспорт", всесоюзное об-ние
_3RU\NLR\AUTH\8810016356
_9530560
801 0 _aRU
_bNLR
_gpsbo
801 1 _aRU
_bELAR
_2rusmarc
852 _aNLR
_j65-6/4151
942 _cBOOK
980 _aNB